A transznacionális társaságok stratégiája és szerepe a világgazdaságban

Bibliographic Details
Main Author: Felföldi Patrick Károly
Other Authors: Novák Dr Tamás
Format: Thesis
Kulcsszavak:Transznacionális társaságok
Beruházás
Működőtőke
Válság
Online Access:http://dolgozattar.uni-bge.hu/4713

MARC

LEADER 00000nta a2200000 i 4500
001 dolg4713
005 20160601140632.0
008 151214suuuu hu om 000 hun d
040 |a BGE Dolgozattár Repozitórium  |b hun 
041 |a hu 
100 1 |a Felföldi Patrick Károly 
245 1 2 |a A transznacionális társaságok stratégiája és szerepe a világgazdaságban  |c Felföldi Patrick Károly  |h [elektronikus dokumentum] 
695 |a Transznacionális társaságok 
695 |a Beruházás 
695 |a Működőtőke 
695 |a Válság 
700 1 |a Novák Dr Tamás  |e ths 
856 4 0 |u http://dolgozattar.uni-bge.hu/4713/1/Felf%C3%B6ldi_Patrick_szakdolgozat.pdf  |z Dokumentum-elérés